|
|
|
|
| LEADER |
00000nam1a2200000 4500 |
| 001 |
294330 |
| 005 |
20231102000703.0 |
| 020 |
|
|
|a RU
|b 84-4631
|
| 035 |
|
|
|a (RuTPU)RU\TPU\book\319385
|
| 090 |
|
|
|a 294330
|
| 100 |
|
|
|a 20150513d1983 m y0rusy5003 ca
|
| 101 |
0 |
|
|a rus
|
| 200 |
1 |
|
|a Под прицелом - профсоюзы
|f Ю. И. Гвоздев, Р. В. Пучков
|
| 210 |
|
|
|a Москва
|c Профиздат
|d 1983
|
| 215 |
|
|
|a 80 с.
|c ил.
|
| 300 |
|
|
|a На обл. авт. не указаны
|
| 606 |
1 |
|
|a Профессиональное движение международное
|2 stltpush
|3 (RuTPU)RU\TPU\subj\52926
|9 71312
|
| 610 |
1 |
|
|a профессиональные союзы
|
| 610 |
1 |
|
|a буржуазная демократия
|
| 610 |
1 |
|
|a капиталистические страны
|
| 610 |
1 |
|
|a сионизм
|
| 610 |
1 |
|
|a апартеид
|
| 610 |
1 |
|
|a репрессии
|
| 610 |
1 |
|
|a рабочее движение
|
| 610 |
1 |
|
|a Латинская Америка
|
| 610 |
1 |
|
|a США
|
| 610 |
1 |
|
|a 20 век
|
| 686 |
|
|
|a Ф72(0)
|2 rubbk
|
| 700 |
|
1 |
|a Гвоздев
|b Ю. И.
|g Юрий Иванович
|4 070
|
| 701 |
|
1 |
|a Пучков
|b Р. В.
|g Рудольф Васильевич
|4 070
|
| 801 |
|
0 |
|a RU
|b RuMRKP
|c 19950704
|g psbo
|
| 801 |
|
1 |
|a RU
|b 63413507
|c 20150513
|
| 801 |
|
2 |
|a RU
|b 63413507
|c 20181121
|g RCR
|
| 942 |
|
|
|c BK
|